|
|
|
|
| LEADER |
00000nam0a2200000 4500 |
| 001 |
261494 |
| 005 |
20231101233553.0 |
| 035 |
|
|
|a (RuTPU)RU\TPU\book\284475
|
| 090 |
|
|
|a 261494
|
| 100 |
|
|
|a 20140523d1974 m y0rusy50 ca
|
| 101 |
0 |
|
|a rus
|
| 102 |
|
|
|a RU
|
| 105 |
|
|
|a a z 001zy
|
| 200 |
1 |
|
|a Методы исследования эффекта Холла
|f Е. В. Кучис
|
| 210 |
|
|
|a Москва
|c Советское радио
|d 1974
|
| 215 |
|
|
|a 328 с.
|c ил.
|
| 320 |
|
|
|a Библиогр.: с. 278-328.
|
| 606 |
1 |
|
|a Холла эффект
|x Исследование
|2 stltpush
|3 (RuTPU)RU\TPU\subj\17479
|9 43107
|
| 610 |
1 |
|
|a сопутствующие явления
|
| 610 |
1 |
|
|a измерение
|
| 610 |
1 |
|
|a образцы
|
| 610 |
1 |
|
|a включение
|
| 610 |
1 |
|
|a метод Ван дер Пау
|
| 610 |
1 |
|
|a ток Холла
|
| 610 |
1 |
|
|a частотные методы
|
| 610 |
1 |
|
|a магниты
|
| 675 |
|
|
|a 537.63
|v 3
|
| 700 |
|
1 |
|a Кучис
|b Е. В.
|g Евгений Витольдович
|
| 801 |
|
1 |
|a RU
|b 63413507
|c 20140523
|
| 801 |
|
2 |
|a RU
|b 63413507
|c 20180621
|g RCR
|
| 942 |
|
|
|c BK
|